Parole che iniziano con la "K" - Statistics

Statistiche generali
  • Questo quiz è stato fatto 262 volte
  • Il punteggio medio è 9 su 15
Statistiche sulle risposte
INDIZIO RISPOSTA % Corretto
Conoscere in inglese Know
94%
L'Australia è famosa per questo animale Koala
91%
Cantare leggendo le parole su uno schermo Karaoke
87%
Gonna maschile di tradizione scozzese Kilt
85%
Mario ____ 8 Deluxe, videogioco con i personaggi di Super Mario Kart
81%
Ha scritto "La metamorfosi" Kafka
63%
Paese dell'Oceania Kiribati
61%
Pratica che consiste nel suicidarsi per uccidere altre persone Kamikaze
60%
Stato americano che confina con l'Ohio Kentucky
60%
Unità di misura della Temperatura del Sistema Internazionale Kelvin
57%
Spiedino di carne che contiene agnello, pollo e manzo Kebab
51%
In Italia è anche noto come salsa rubra Ketchup
50%
36esimo elemento della tavola periodica Kripton
25%
Band che ha fatto "Detroit Rock City" Kiss
24%
Qualsiasi cibo ritenuto puro dall'ebraismo Kasher
14%
Nessun quiz corrispondente trovato
Distribuzione punteggi
Percentuale di utenti per punteggio
Percentile per numero di risposta
I tuoi punteggi nel tempo
Non hai fatto questo quiz